Top 5 European Leagues Top Scorers: 2012/13 - Statistics

General Stats
  • This quiz has been taken 19 times
  • The average score is 13 of 31
Answer Stats
Leagues Goals Club Nationality Player % Correct
La Liga 34 Real Madrid Portugal Cristiano Ronaldo
100%
La Liga 46 Barcelona Argentina Lionel Messi
100%
Bundesliga 24 Borussia Dortmund Poland Robert Lewandowski
100%
Premier League 21 Tottenham Wales Gareth Bale
94%
Premier League 23 Liverpool Uruguay Luis Suarez
94%
Premier League 26 Manchester United Netherlands Robin van Persie
94%
Bundesliga 15 Bayern Munich Croatia Mario Mandzukic
78%
La Liga 28 Atletico Madrid Colombia Radamel Falcao
78%
Serie A 29 Napoli Uruguay Edinson Cavani
72%
Premier League 19 Aston Villa Belgium Christian Benteke
67%
Serie A 15 Lazio Germany Miroslav Klose
67%
Serie A 23 Udinese Italy Antonio Di Natale
61%
La Liga 24 Valencia Spain Roberto Soldado
44%
Premier League 18 Swansea Spain Michu
39%
La Liga 25 Sevilla Spain Alvaro Negredo
33%
Primeira Liga 26 Porto Colombia Jackson Martinez
33%
Bundesliga 25 Bayer Leverkusen Germany Stefan Kiessling
33%
Primeira Liga 17 Benfica Paraguay Oscar Cardozo
28%
Serie A 16 Milan Italy Stephan El Shaarawy
28%
Bundesliga 15 Stuttgart Bosnia and Herzegovina Veded Ibisevic
28%
Serie A 15 Milan Italy Giampaolo Pazzini
22%
Primeira Liga 14 Sporting Netherlands Ricky van Wolfswinkel
17%
Bundesliga 16 Eintracht Frankfurt Germany Alexander Meier
11%
Serie A 16 Roma Italy Dani Osvaldo
6%
Primeira Liga 13 Braga Portugal Eder
6%
Serie A 15 Atalanta Argentina German Denis
6%
Primeira Liga 20 Benfica Brazil Lima
6%
Primeira Liga 13 Vitoria de Setubal Cameroon Albert Meyong
0%
Primeira Liga 13 Academica Portugal Edinho
0%
Serie A 15 Roman Argentina Erik Lamela
0%
Primeira Liga 13 Moreirense Algeria Nabil Ghilas
0%
No matching quizzes found
Score Distribution
Percent of People with Each Score
Percentile by Number Answered
Your Score History
You have not taken this quiz